000
00281nam a2200121Ia 4500
008
190216s9999||||xx |||||||||||||| ||und||
100
_a
Racine.C
245
0
_a
Abstract Algebra An Introduction
250
_a
SECOND
260
_b
Viswanathan S.
_c
1965
300
_a
197
942
_c
BK
999
_c
30776
_d
30776